00746cam a22002171a 4500001001300000003000400013005001700017008004100034010001700075035002000092040004500112042001200157050001600169100003900185245009500224260008000319300002000399490004900419650004300468999001700511ne 63001426 DLC20260227111748.0911218s1962 ua 000 0 ara c ane 63001426  a(OCoLC)24989936 aPrinceton Univ. Libr.cMWalBdMWalBdDLC apremarc00aHD7239b.H31 aḤabīb, Saʻd ʻAbd al-Salām.10aSharḥ al-taʼmīnāt al-ijtimāʻīyah /cbi-qalam Saʻd ʻAbd al-Salām Ḥabīb. a[al-Qāhirah :bal-Dār al-Qawmīyah lil-Ṭibaʻah wa-al-Nashr,c1962?] a69 p. ;c20 cm.0 aIkhtaranā lil-falāl wa-al-ʻāmil ;v33 0aSocial securityzUnited Arab Republic. c46085d46085